| 000 | 00541cac a22001691u 4500 | ||
|---|---|---|---|
| 008 | 081104t2006 xxu||||| |||| 001 0 eng d | ||
| 010 | _a2005051519 | ||
| 020 | _a0205465277 | ||
| 020 | _a0205460887 | ||
| 082 |
_a301.11 _bJOH _222 |
||
| 245 | 1 | 0 |
_aReaching out : _bInterpersonal Effectiveness and Self-Actualization / _cDavid W. Johnson. |
| 250 | _a9th ed. | ||
| 260 |
_aBoston : _bPearson A & B, _cc2006. |
||
| 300 |
_axiii, 434 p. : _bill. ; _c24 cm. |
||
| 504 | _aIncludes bibliographical references and index. | ||
| 942 |
_cBB _k301.11JOH _2ddc |
||
| 999 |
_c1162 _d1162 |
||